El ser y el mesías /

Sábháilte in:
Sonraí bibleagrafaíochta
Príomhchruthaitheoir: Miranda, José Porfirio (autor)
Formáid: LEABHAR
Teanga:Spáinnis
Foilsithe / Cruthaithe: Salamanca, España : Sígueme, 1973, c1973
Sraith:(Estudios Sígueme ; 10)
Ábhair:
Clibeanna: Cuir clib leis
Níl clibeanna ann, Bí ar an gcéad duine le clib a chur leis an taifead seo!

MARC

LEADER 00000nam^a2200000^a^4500
001 000400952
005 20250521000000.0
009 20260310121633.249
020 |a 84-301-0520-4 
037 |a Acervo ITESO - Biblioteca 
041 |a ESP 
082 |a 232.  |b MIR 
100 |a Miranda, José Porfirio  |e (autor) 
245 1 3 |a El ser y el mesías /  |c J.P. Miranda. 
264 4 |a Salamanca, España :  |b Sígueme,  |c 1973, c1973 
300 |a 221 p. 
336 |a texto  |b txt  |2 rdacontenido 
337 |a sin mediación  |b n  |2 rdamedio 
338 |a volumen  |b nc  |2 rdasoporte 
440 1 |a (Estudios Sígueme ;  |v 10) 
561 |a Obra autografiada por el autor para Carlos Núñez 
649 |a XX 
650 |a Biblia -  |x Nuevo Testamento -  |x Evangelios -  |x Historia y Crítica 
650 |a Cristología -  |x Tema Principal 
650 |a Ateísmo 
650 |a Cristianismo 
650 |a Religión 
910 |a Fondo Carlos Núñez Hurtado 
920 |a Impresos - Libros 
930 |a Fondos Especiales 
905 |a 117 
901 |a 0500296230  |b IT2  |c ESP  |i d80520  |u 20250521 
902 |a https://opac.biblio.iteso.mx/vufind/Record/000400952